00874nam a2200217 a 4500003000200000005001700002008004100019050003000060100001800090245012800108260009100236300002800327504004100355650002200396650002200418650002200440650003400462942001400496999001700510952012900527020250205080433.0130830s19uu xx 00 eng d aPGS NX 180.E8b.K49 2013  aKim, Woon Jae aArt involvement and classroom behavior of Grade 6 students of Southville International School and Colleges /cWoon Jae Kim. aLas Piñas City, Philippines :bSouthville International School and Colleges, c2013. a38 p. :bill. ;c28 cm. aIncludes bibliographical references. aArt in education. aArt and children. aStudent behavior. aCreative ability in children. 2lcccPASS c99049d99049 00102lcc40aLUXbLUXcPASSd2013-08-30eDONATIONl0oPGS NX 180.E8 .K49 2013pP3150r2019-11-28 00:00:00w2014-04-08yPASS